La palabra de los cineastas en los ciclos de cine del seminario del ámbito

Guardado en:
Detalles Bibliográficos
Autor principal: Bresson, Robert (Autor)
Formato: Libro
Lenguaje:español
Publicado: Valparaíso, Chile Universidad Católica de Valparaíso. Facultad de Arquitectura 1981
Colección:Cuadernillo de cine. Serie D,
Materias:
Acceso en línea:Disponible Online
Etiquetas: Agregar Etiqueta
Sin Etiquetas, Sea el primero en etiquetar este registro!

MARC

LEADER 00000nam a2200000 a 4500
001 UCV8989
003 CL-VaPUC
005 20210505102644.0
008 920401e19810000CL |||||||||||||||||spa|d
999 |c 214392  |d 214390 
040 |c Pontificia Universidad Católica de Valparaíso 
082 0 4 |a 791.43 BRE 1981  |2 21 
100 0 |a Bresson, Robert  |e author  |9 266416 
245 1 3 |a La palabra de los cineastas en los ciclos de cine del seminario del ámbito 
260 |a Valparaíso, Chile   |b Universidad Católica de Valparaíso. Facultad de Arquitectura  |c 1981 
300 |a 43 páginas  
440 |a Cuadernillo de cine. Serie D,   |n  013  |9 860819 
500 |a Extractado de Cinéma D'aujourd'hui 
583 |a last modification  |c 19920401 00:00:00  |k Rodrigo Vera 
650 0 |a Crítica de cine   |2 CL-VaPUC  |9 267411 
856 |u http://bibliografiadigital.pucv.cl.pucv.idm.oclc.org/index.php/bibliotecapucv/catalog/book/396  |y Disponible Online  
942 |c BK  |2 ddc 
945 |d 19920401 00:00:00 
952 |0 0  |1 0  |4 0  |6 791_430000000000000_BRE_1981  |7 0  |8 A  |9 197700  |a BIBARQ  |b BIBARQ  |d 2019-11-14  |i 265363K  |o 791.43 BRE 1981  |p 265363K  |r 2025-01-20  |w 2019-11-14  |y BK  |k ARQ 
952 |0 0  |1 0  |4 0  |6 791_430000000000000_BRE_1981  |7 0  |8 A  |9 197701  |a BIBARQ  |b BIBARQ  |d 2019-11-14  |i 1245570  |o 791.43 BRE 1981  |p 1245570  |r 2025-01-20  |w 2019-11-14  |y BK  |k ARQ 
952 |0 0  |1 0  |4 0  |6 791_430000000000000_BRE_1981  |7 0  |8 A  |9 197702  |a BIBART  |b BIBART  |d 2019-11-14  |i 2066173  |o 791.43 BRE 1981  |p 2066173  |r 2025-03-13  |w 2019-11-14  |y BK  |k ART